[Event "Jugend WM U20w"]
[Site "Istanbul"]
[Date "2005.11.18"]
[Round "9.8"]
[White "Sharevich, Anna"]
[Black "Karavade, Eesha"]
[Result "0-1"]
[WhiteElo "2305"]
[BlackElo "2348"]
[PlyCount "116"]
[EventDate "2005.11.??"]
[EventType "swiss"]
[EventRounds "13"]
[EventCountry "TUR"]
[Source "Reinhold Goldau"]
[SourceDate "2000.03.01"]

1. d4 Nf6 2. c4 g6 3. Nc3 d5 4. cxd5 Nxd5 5. e4 Nxc3 6. bxc3 c5 7. Nf3 Bg7 8.
Be3 O-O 9. Be2 Qa5 10. Qd2 Nc6 11. Rc1 cxd4 12. cxd4 Qxd2+ 13. Kxd2 Rd8 14.
Rhd1 Nxd4 15. Nxd4 Bxd4 16. Ke1 e5 17. Bxd4 Rxd4 18. Rxd4 exd4 19. Bc4 Bd7 20.
Bd5 Bc6 21. Rc4 Bxd5 22. exd5 Rd8 23. Rxd4 Kf8 24. Ke2 Ke7 25. Ke3 Kd6 26. Ra4
Re8+ 27. Kd3 a6 28. Rb4 b5 29. a4 Re5 30. axb5 Rxd5+ 31. Kc3 axb5 32. Re4 Re5
33. Rd4+ Kc6 34. g3 f5 35. Rd8 Re2 36. Rh8 Rxf2 37. Rxh7 Kd5 38. Rg7 Rxh2 39.
Rxg6 Re2 40. Kd3 Re4 41. Rf6 Ke5 42. Rb6 b4 43. Kd2 Rc4 44. Rb8 Ke6 45. Ke2
Rc2+ 46. Kf3 Rc4 47. Rf8 Ke5 48. Re8+ Kd4 49. Kf4 Rc5 50. Rd8+ Kc3 51. Ke3 b3
52. Rd3+ Kc2 53. Rd2+ Kc1 54. Rf2 b2 55. Rf1+ Kc2 56. Kd4 Rc3 57. Rf2+ Kb3 58.
Rxf5 Rc4+ 0-1

[Event "Jugend WM U20w"]
[Site "Istanbul"]
[Date "2005.11.18"]
[Round "9.9"]
[White "Nebolsina, Vera"]
[Black "Guseva, Marina"]
[Result "1/2-1/2"]
[WhiteElo "2278"]
[BlackElo "2363"]
[PlyCount "125"]
[EventDate "2005.11.??"]
[EventType "swiss"]
[EventRounds "13"]
[EventCountry "TUR"]
[Source "Reinhold Goldau"]
[SourceDate "2000.03.01"]

1. d4 d5 2. c4 c6 3. Nc3 Nf6 4. Nf3 e6 5. Bg5 dxc4 6. e4 b5 7. e5 h6 8. Bh4 g5
9. Nxg5 hxg5 10. Bxg5 Nbd7 11. exf6 Bb7 12. g3 c5 13. d5 Qb6 14. Bg2 O-O-O 15.
O-O b4 16. Na4 Qb5 17. a3 exd5 18. axb4 cxb4 19. Be3 Nc5 20. Qg4+ Rd7 21. Nxc5
Bxc5 22. Bxc5 Qxc5 23. h4 Rhd8 24. Qf5 Kb8 25. Rfe1 Rc7 26. h5 c3 27. bxc3 bxc3
28. h6 c2 29. h7 d4 30. Qh3 Bxg2 31. Qxg2 d3 32. Rab1+ cxb1=Q 33. Rxb1+ Qb6 34.
Rxb6+ axb6 35. Qf3 d2 36. Kg2 Rcd7 37. Qf4+ Kb7 38. Qe4+ Kc7 39. Qc4+ Kd6 40.
Qd4+ Ke6 41. Qg4+ Kd6 42. Qd4+ Kc6 43. Qc4+ Kb7 44. Qe4+ Kc7 45. Qc4+ Kb8 46.
Qf4+ Kc8 47. Qc4+ Kb8 48. Qf4+ Rc7 49. Qxd2 Rxd2 50. h8=Q+ Kb7 51. Qe8 Rdd7 52.
g4 b5 53. g5 Ka6 54. Qf8 Kb6 55. Kg3 Kc6 56. f4 Rb7 57. Qb4 Kb6 58. Qc3 Rbc7
59. Qe3+ Ka5 60. Qa3+ Kb6 61. Qe3+ Ka5 62. Qa3+ Kb6 63. Qe3+ 1/2-1/2

[Event "Jugend WM U20w"]
[Site "Istanbul"]
[Date "2005.11.18"]
[Round "9.11"]
[White "Purtseladze, Maka"]
[Black "Nadig, Kruttika"]
[Result "1-0"]
[WhiteElo "2338"]
[BlackElo "2224"]
[PlyCount "83"]
[EventDate "2005.11.??"]
[EventType "swiss"]
[EventRounds "13"]
[EventCountry "TUR"]
[Source "Reinhold Goldau"]
[SourceDate "2000.03.01"]

1. d4 Nf6 2. c4 g6 3. Nc3 d5 4. Bg5 Ne4 5. Bh4 Nxc3 6. bxc3 dxc4 7. e3 Be6 8.
Nf3 Bh6 9. Ne5 O-O 10. Rb1 Nd7 11. Nxc4 Nb6 12. Na5 Bxa2 13. Rb2 Qd5 14. Rb5
Qe4 15. Bg3 Nd7 16. Qd3 Qxd3 17. Bxd3 b6 18. Nc6 a6 19. Rb2 Be6 20. Nxe7+ Kh8
21. O-O f5 22. Ra1 Rfe8 23. Nc6 a5 24. Bb5 Rec8 25. c4 Bg7 26. Ne7 Re8 27. Nd5
c5 28. Nc7 cxd4 29. Re1 dxe3 30. Rbe2 Nf6 31. Nxe8 Nxe8 32. Rxe3 Bf7 33. Re7
Kg8 34. Rb7 Bd4 35. Rd1 Bc5 36. Rdd7 Be6 37. Rxh7 Rd8 38. h3 Rd4 39. Kh2 Nd6
40. Rbg7+ Kf8 41. Rxg6 f4 42. Bxf4 1-0

[Event "Jugend WM U20w"]
[Site "Istanbul"]
[Date "2005.11.18"]
[Round "9.12"]
[White "Zhang, Jilin"]
[Black "Raeva, Elitsa"]
[Result "1-0"]
[WhiteElo "2334"]
[BlackElo "2213"]
[PlyCount "87"]
[EventDate "2005.11.??"]
[EventType "swiss"]
[EventRounds "13"]
[EventCountry "TUR"]
[Source "Reinhold Goldau"]
[SourceDate "2000.03.01"]

1. e4 c5 2. Nf3 Nc6 3. Bb5 g6 4. Bxc6 dxc6 5. d3 Bg7 6. h3 e5 7. Be3 Qe7 8. Nc3
Nf6 9. Qd2 h6 10. a3 Nd7 11. O-O Nf8 12. b4 Ne6 13. Na4 Nd4 14. Nh2 b6 15. Rab1
cxb4 16. axb4 Bd7 17. Nb2 Qh4 18. f3 Nb5 19. f4 exf4 20. Rxf4 Qe7 21. d4 O-O
22. e5 Nc7 23. Rf3 Kh7 24. Ng4 Bxg4 25. hxg4 Nd5 26. Rh3 Nxe3 27. Qxe3 Kg8 28.
Nd3 Rfe8 29. Re1 a5 30. bxa5 Rxa5 31. Qe4 Qe6 32. Ree3 Ra4 33. Nf4 Qxg4 34. e6
fxe6 35. Qxc6 Rea8 36. Nxe6 h5 37. Nxg7 Kxg7 38. Re7+ Kh6 39. Qc7 Rh8 40. Qe5
Rg8 41. Qe3+ g5 42. Re6+ Kh7 43. Qd3+ Kg7 44. Qg6+ 1-0

[Event "Jugend WM U20w"]
[Site "Istanbul"]
[Date "2005.11.18"]
[Round "9.13"]
[White "Melia, Salome"]
[Black "Muhren, Bianca"]
[Result "1/2-1/2"]
[WhiteElo "2318"]
[BlackElo "2260"]
[PlyCount "106"]
[EventDate "2005.11.??"]
[EventType "swiss"]
[EventRounds "13"]
[EventCountry "TUR"]
[Source "Reinhold Goldau"]
[SourceDate "2000.03.01"]

1. e4 c5 2. Nf3 d6 3. d4 cxd4 4. Nxd4 Nf6 5. Nc3 a6 6. Be3 e5 7. Nb3 Be6 8. f3
Be7 9. Qd2 O-O 10. O-O-O Qc7 11. g4 Nbd7 12. h4 b5 13. h5 Rfc8 14. Rh2 b4 15.
Nd5 Bxd5 16. exd5 Nb6 17. Bxb6 Qxb6 18. g5 Nd7 19. g6 Nf8 20. h6 fxg6 21. hxg7
Kxg7 22. Qh6+ Kg8 23. Bh3 Rc7 24. Be6+ Kh8 25. Nd2 Re8 26. Ne4 Bd8 27. Kb1 Rg7
28. Bg4 Be7 29. Rdh1 a5 30. Qd2 a4 31. Qd3 Rb8 32. Qc4 Qb5 33. Qc6 Rb6 34. Qc7
a3 35. b3 Qa6 36. Rd1 Bg5 37. Qc8 Qxc8 38. Bxc8 Bf4 39. Rg2 Rc7 40. Bh3 Kg7 41.
c4 bxc3 42. Rc2 Be3 43. Rxc3 Rxc3 44. Nxc3 Kf6 45. Re1 Bf4 46. Re4 Bd2 47. Rc4
Bxc3 48. Rxc3 Rb5 49. Rc8 Ke7 50. Rc7+ Kf6 51. Rc8 Ke7 52. Rc7+ Kd8 53. Rc8+
Ke7 1/2-1/2

[Event "Jugend WM U20w"]
[Site "Istanbul"]
[Date "2005.11.18"]
[Round "9.14"]
[White "Plazaola, Maria De Los Angele"]
[Black "Khotenashvili, Bela"]
[Result "0-1"]
[WhiteElo "2087"]
[BlackElo "2288"]
[PlyCount "136"]
[EventDate "2005.11.??"]
[EventType "swiss"]
[EventRounds "13"]
[EventCountry "TUR"]
[Source "Reinhold Goldau"]
[SourceDate "2000.03.01"]

1. e4 c6 2. d4 g6 3. Nc3 d5 4. h3 Bg7 5. Nf3 Nh6 6. Bf4 dxe4 7. Nxe4 Qa5+ 8. c3
Qf5 9. Bxh6 Bxh6 10. Bd3 O-O 11. O-O Qd5 12. Ng3 Nd7 13. Qe2 e6 14. Bc4 Qd6 15.
Ne4 Qc7 16. Bb3 Bg7 17. Rad1 a5 18. a4 b6 19. Rfe1 Ba6 20. Qe3 Rae8 21. Qg5 h6
22. Qg3 Qxg3 23. Nxg3 Nf6 24. Ne5 Bb7 25. Ne2 Rd8 26. Nf4 g5 27. Nfd3 Nd5 28.
h4 Rfe8 29. Nf3 Bf6 30. Nde5 Kg7 31. Ng4 Be7 32. hxg5 hxg5 33. Re5 f5 34. Ngh2
g4 35. Bxd5 cxd5 36. Rxe6 gxf3 37. Rde1 Kf7 38. Rxb6 Bc8 39. Nxf3 Bf6 40. Ne5+
Bxe5 41. dxe5 Be6 42. Rb5 Ra8 43. Re3 Reb8 44. Rc5 Rc8 45. Rb5 f4 46. Re2 Rc4
47. Rb7+ Kg6 48. Rb6 Kf5 49. g4+ fxg3 50. fxg3 Rxa4 51. b4 Re8 52. bxa5 Rxa5
53. Rb4 Rc5 54. Rf4+ Kg5 55. Re3 Bf5 56. Rd4 Be6 57. Kf2 Rec8 58. Rdd3 Bf5 59.
Rd4 Be4 60. Rd2 Kf5 61. Ra2 Rxc3 62. e6 Kxe6 63. g4 Rxe3 64. Kxe3 Ke5 65. Ra1
d4+ 66. Kf2 Kf4 67. Ra4 Rc2+ 68. Ke1 Ke3 0-1

[Event "Jugend WM U20w"]
[Site "Istanbul"]
[Date "2005.11.18"]
[Round "9.15"]
[White "Paridar, Shadi"]
[Black "Khukhashvili, Sopiko"]
[Result "0-1"]
[WhiteElo "2237"]
[BlackElo "2362"]
[PlyCount "129"]
[EventDate "2005.11.??"]
[EventType "swiss"]
[EventRounds "13"]
[EventCountry "TUR"]
[Source "Reinhold Goldau"]
[SourceDate "2000.03.01"]

1. e4 Nc6 2. Nf3 d6 3. c3 Nf6 4. Bd3 Bg4 5. Bc2 e5 6. h3 Bh5 7. d3 d5 8. Nbd2
a6 9. Qe2 Bd6 10. Nf1 Bg6 11. Bg5 dxe4 12. dxe4 h6 13. Bxf6 Qxf6 14. Ne3 Nb8
15. O-O-O Nd7 16. Nd5 Qd8 17. Nd2 c6 18. Nc4 Bc5 19. Nde3 Qc7 20. g4 b5 21. Nd2
Nf8 22. Nf5 Ne6 23. Nf3 Nf4 24. Qd2 Bxf5 25. exf5 f6 26. Be4 Rc8 27. h4 Rd8 28.
Qc2 Rxd1+ 29. Rxd1 Qb6 30. g5 hxg5 31. hxg5 a5 32. gxf6 gxf6 33. Qd2 Be7 34.
Qd7+ Kf7 35. Qxc6 Qxc6 36. Bxc6 b4 37. Ba4 bxc3 38. Bb3+ Ke8 39. bxc3 Rh5 40.
Ba4+ Kf8 41. Bc2 Ba3+ 42. Kd2 Bc5 43. Be4 Nh3 44. Rh1 Bxf2 45. c4 Bc5 46. Kc2
Nf4 47. Rb1 Ke7 48. Rb5 Kd6 49. Rxa5 Ne2 50. Ra6+ Ke7 51. Re6+ Kf7 52. Rc6 Nd4+
53. Kd3 Nxc6 54. Bxc6 Rxf5 55. Nd2 Bb4 56. Nb3 Ba3 57. c5 Rf4 58. Bd5+ Ke7 59.
Bb7 Kd7 60. Bd5 Kc7 61. Ke3 Rh4 62. Kd3 Bxc5 63. Nxc5 Rd4+ 64. Ke3 Rxd5 65. Nd3
0-1

[Event "Jugend WM U20w"]
[Site "Istanbul"]
[Date "2005.11.18"]
[Round "9.16"]
[White "Zdebskaja, Natalia"]
[Black "Gutierrez Castillo, Paloma"]
[Result "1/2-1/2"]
[WhiteElo "2390"]
[BlackElo "2127"]
[PlyCount "111"]
[EventDate "2005.11.??"]
[EventType "swiss"]
[EventRounds "13"]
[EventCountry "TUR"]
[Source "Reinhold Goldau"]
[SourceDate "2000.03.01"]

1. e4 e5 2. Nf3 Nc6 3. Bb5 Nf6 4. d4 exd4 5. e5 Ne4 6. O-O a6 7. Ba4 Nc5 8.
Bxc6 dxc6 9. Nxd4 Ne6 10. Nxe6 Bxe6 11. Qe2 Bc5 12. Nc3 Qd4 13. Rd1 Qg4 14.
Qxg4 Bxg4 15. Re1 Rd8 16. Bg5 Rd7 17. Ne4 Be7 18. Nf6+ gxf6 19. exf6 Rg8 20.
Bh4 Bf3 21. g3 Rg4 22. fxe7 Rgd4 23. h3 Rd2 24. Rac1 h5 25. Bg5 R2d5 26. Bf4
Rxe7 27. Rxe7+ Kxe7 28. Bxc7 Kf6 29. Bf4 Kf5 30. c4 Rd1+ 31. Rxd1 Bxd1 32. Kf1
Ke4 33. Ke1 Bf3 34. Kd2 Bg2 35. h4 b5 36. Kc3 Bf1 37. cxb5 cxb5 38. Kb4 Bh3 39.
Ka5 Bc8 40. Kb6 Kd3 41. a3 Kc4 42. Bd2 Kb3 43. Bc3 Ka4 44. Kc7 Bg4 45. Kd6 a5
46. Ke7 Be6 47. g4 Bxg4 48. Kxf7 Bf3 49. Kf6 b4 50. axb4 axb4 51. Be5 b3 52.
Kf5 Kb5 53. Kf4 Bd1 54. Ke4 Kc6 55. f4 Bc2+ 56. Kd4 1/2-1/2

[Event "Jugend WM U20w"]
[Site "Istanbul"]
[Date "2005.11.18"]
[Round "9.17"]
[White "Szczepkowska, Karina"]
[Black "Hoolt, Sarah"]
[Result "1-0"]
[WhiteElo "2278"]
[BlackElo "2144"]
[PlyCount "153"]
[EventDate "2005.11.??"]
[EventType "swiss"]
[EventRounds "13"]
[EventCountry "TUR"]
[Source "Reinhold Goldau"]
[SourceDate "2000.03.01"]

1. f4 c5 2. Nf3 Nc6 3. e4 g6 4. g3 Bg7 5. Bg2 d6 6. d3 e6 7. O-O Nge7 8. c3 O-O
9. Be3 b6 10. Bf2 d5 11. e5 Bb7 12. d4 cxd4 13. cxd4 Ba6 14. Re1 Qd7 15. Nc3
Na5 16. b3 Rfc8 17. Rc1 Rc7 18. Qd2 Rac8 19. Bf1 Bxf1 20. Rxf1 Bf8 21. g4 Nec6
22. Nb1 Nb4 23. Rxc7 Rxc7 24. Ne1 Qc6 25. Be3 Nc2 26. Nxc2 Qxc2 27. Rc1 Qxc1+
28. Qxc1 Rxc1+ 29. Bxc1 Nc6 30. Be3 Nb4 31. Nc3 Nc2 32. Kf2 Bb4 33. Nb5 a5 34.
Ke2 Kf8 35. Bc1 a4 36. bxa4 h5 37. h3 Kg7 38. g5 Ba5 39. a3 Na1 40. Nd6 Nb3 41.
Be3 Kf8 42. Kd3 Na1 43. Nb7 Be1 44. Nd6 Ke7 45. Ke2 Nc2 46. Bc1 Ba5 47. Nb5 Ne1
48. Nd6 Ng2 49. Nb7 Bc3 50. Kd3 Be1 51. Nd6 Bg3 52. a5 bxa5 53. a4 Bxf4 54. Ba3
Kd7 55. Nxf7 Bg3 56. Ke2 Nf4+ 57. Kf3 h4 58. Kg4 Ne2 59. Bc5 Nc3 60. Nh8 Nxa4
61. Ba3 Bf2 62. Nxg6 Bxd4 63. Kf4 Ke8 64. Nxh4 Nb6 65. Nf3 Bc3 66. g6 Nc4 67.
Bc5 Bb4 68. Bxb4 axb4 69. Nd4 Na5 70. Kg5 b3 71. Kf6 Kf8 72. Nxe6+ Kg8 73. Nf4
b2 74. Nxd5 Nc6 75. Nc3 Nd4 76. e6 Nb5 77. Nd5 1-0

[Event "Jugend WM U20w"]
[Site "Istanbul"]
[Date "2005.11.18"]
[Round "9.18"]
[White "Pourkashiyan, Atousa"]
[Black "Zhang, Xiaowen"]
[Result "1-0"]
[WhiteElo "2271"]
[BlackElo "2153"]
[PlyCount "99"]
[EventDate "2005.11.??"]
[EventType "swiss"]
[EventRounds "13"]
[EventCountry "TUR"]
[Source "Reinhold Goldau"]
[SourceDate "2000.03.01"]

1. e4 e6 2. d4 d5 3. Bd3 dxe4 4. Bxe4 Nf6 5. Bf3 c5 6. Ne2 cxd4 7. Nxd4 Bc5 8.
Be3 Qb6 9. Nc3 Bd7 10. O-O e5 11. Nf5 Bxf5 12. Bxc5 Qxc5 13. Bxb7 Nc6 14. Bxa8
Nd4 15. Rc1 O-O 16. Bf3 e4 17. Be2 Rd8 18. Kh1 Rd6 19. Qe1 h5 20. Nd1 h4 21.
Ne3 h3 22. g3 Bg6 23. c3 Nxe2 24. Qxe2 Bh5 25. Qc4 Bf3+ 26. Kg1 Qh5 27. Qc8+
Kh7 28. Qf5+ Qxf5 29. Nxf5 Rd2 30. Nd4 Bg2 31. Rfd1 Rxb2 32. Rc2 Rb8 33. Nf5
Bf3 34. Re1 g5 35. c4 Ng4 36. c5 Ne5 37. Ne3 Nc6 38. Rd2 Rb5 39. Rc1 Ne5 40.
Rdc2 Nc6 41. Rd2 Ne5 42. Rd5 Nd3 43. Ra1 Nb4 44. Rb1 a6 45. Rd4 Nc6 46. Rxb5
Nxd4 47. Rb4 Ne6 48. c6 Kg6 49. Rb7 Nd8 50. c7 1-0

[Event "Jugend WM U20w"]
[Site "Istanbul"]
[Date "2005.11.18"]
[Round "9.19"]
[White "Meshcheriakova, Evgenia"]
[Black "Ortiz, Nadya Karolina"]
[Result "1-0"]
[WhiteElo "2197"]
[BlackElo "2218"]
[PlyCount "81"]
[EventDate "2005.11.??"]
[EventType "swiss"]
[EventRounds "13"]
[EventCountry "TUR"]
[Source "Reinhold Goldau"]
[SourceDate "2000.03.01"]

1. e4 c5 2. Nf3 e6 3. Nc3 a6 4. d4 cxd4 5. Nxd4 Qc7 6. Bd3 Nf6 7. Qe2 d6 8. f4
b5 9. O-O Be7 10. Kh1 Bb7 11. Bd2 Nbd7 12. Rae1 Nc5 13. b4 Nxd3 14. cxd3 O-O
15. Rf3 Rfe8 16. Rh3 Rac8 17. Rf1 g6 18. f5 exf5 19. Nxf5 Bf8 20. Qf2 gxf5 21.
Qxf5 Re6 22. Nd5 Bxd5 23. exd5 Rce8 24. dxe6 Rxe6 25. Bg5 Bg7 26. Bh6 Re5 27.
Qf3 Ne8 28. Rg3 Qe7 29. Bxg7 Nxg7 30. Qa8+ Qe8 31. Qxa6 Re6 32. h3 Kh8 33. Kh2
Nh5 34. Rc1 Nxg3 35. Rc8 Nf1+ 36. Kg1 Ne3 37. Rxe8+ Rxe8 38. Qxb5 Re6 39. Qb7
Kg7 40. b5 h5 41. Qf3 1-0

[Event "Jugend WM U20w"]
[Site "Istanbul"]
[Date "2005.11.18"]
[Round "9.20"]
[White "Djukic, Sandra"]
[Black "Bensdorp, Marlies"]
[Result "1/2-1/2"]
[WhiteElo "2140"]
[BlackElo "2199"]
[PlyCount "59"]
[EventDate "2005.11.??"]
[EventType "swiss"]
[EventRounds "13"]
[EventCountry "TUR"]
[Source "Reinhold Goldau"]
[SourceDate "2000.03.01"]

1. d4 e6 2. c4 Nf6 3. Nc3 Bb4 4. Bg5 c5 5. d5 h6 6. Bh4 Bxc3+ 7. bxc3 d6 8. f3
e5 9. e4 Nbd7 10. Bf2 Nf8 11. Qd2 g5 12. Be3 Ng6 13. Bd3 Qa5 14. g3 Nh5 15. Bf2
Bd7 16. h3 O-O-O 17. Ne2 Rdf8 18. O-O-O Qa6 19. Be3 Kc7 20. Kb1 f6 21. Rdg1 Ne7
22. h4 Nc8 23. Nc1 Nb6 24. Qe2 Ng7 25. g4 Na4 26. Qc2 Rb8 27. Nb3 Nb6 28. Qe2
Na4 29. Qc2 Nb6 30. Qe2 1/2-1/2

[Event "Jugend WM U20w"]
[Site "Istanbul"]
[Date "2005.11.18"]
[Round "9.21"]
[White "Raghavi, N."]
[Black "Corke, Anya"]
[Result "0-1"]
[WhiteElo "2104"]
[BlackElo "2222"]
[PlyCount "80"]
[EventDate "2005.11.??"]
[EventType "swiss"]
[EventRounds "13"]
[EventCountry "TUR"]
[Source "Reinhold Goldau"]
[SourceDate "2000.03.01"]

1. e4 c5 2. Nc3 e6 3. f4 d6 4. Nf3 Nc6 5. Bc4 g6 6. O-O Bg7 7. d3 Nge7 8. Qe1
Nd4 9. Nxd4 cxd4 10. Nd1 Bd7 11. c3 O-O 12. f5 Nc6 13. Qg3 Ne5 14. Bg5 f6 15.
Bc1 Nxc4 16. dxc4 exf5 17. exf5 Bxf5 18. cxd4 d5 19. c5 Qd7 20. Bf4 Rfe8 21.
Ne3 Bd3 22. Rfd1 Be4 23. Rd2 Re6 24. Rf1 Rae8 25. h4 Ra6 26. a3 Rae6 27. Ng4 h5
28. Ne3 Kh7 29. Qf2 f5 30. Qg3 Qa4 31. Rfd1 Qb5 32. Kh2 Bf6 33. Qf2 Qd7 34. Re1
Qe7 35. Bg3 Rf8 36. Bd6 Bxh4 37. g3 Rxd6 38. cxd6 Qxd6 39. Nf1 Bg5 40. Rdd1 f4
0-1

[Event "Jugend WM U20w"]
[Site "Istanbul"]
[Date "2005.11.18"]
[Round "9.22"]
[White "Gevorgyan, Irina"]
[Black "Gregorova, Zuzana"]
[Result "1/2-1/2"]
[WhiteElo "2099"]
[BlackElo "2183"]
[PlyCount "54"]
[EventDate "2005.11.??"]
[EventType "swiss"]
[EventRounds "13"]
[EventCountry "TUR"]
[Source "Reinhold Goldau"]
[SourceDate "2000.03.01"]

1. e4 d5 2. exd5 Nf6 3. Bb5+ Bd7 4. Bc4 Bg4 5. f3 Bc8 6. Nc3 Nbd7 7. Nge2 Nb6
8. d3 Nbxd5 9. O-O e6 10. Re1 Be7 11. Ne4 O-O 12. Bg5 Nxe4 13. Bxe7 Qxe7 14.
Bxd5 exd5 15. fxe4 dxe4 16. Nc3 Qb4 17. Rxe4 Qxb2 18. Nd5 f5 19. Ne7+ Kh8 20.
Rh4 Qf6 21. Qh5 Qxa1+ 22. Kf2 h6 23. Ng6+ Kg8 24. Ne7+ Kh8 25. Ng6+ Kh7 26.
Nxf8+ Kg8 27. Qe8 Qc1 1/2-1/2

[Event "Jugend WM U20w"]
[Site "Istanbul"]
[Date "2005.11.18"]
[Round "9.23"]
[White "Bashkite, Viktoria"]
[Black "Bensdorp, Laura"]
[Result "1-0"]
[WhiteElo "2173"]
[BlackElo "2090"]
[PlyCount "129"]
[EventDate "2005.11.??"]
[EventType "swiss"]
[EventRounds "13"]
[EventCountry "TUR"]
[Source "Reinhold Goldau"]
[SourceDate "2000.03.01"]

1. e4 c5 2. Nf3 d6 3. d4 cxd4 4. Nxd4 Nf6 5. Nc3 Nc6 6. Bc4 Na5 7. Bb5+ Bd7 8.
Qe2 a6 9. Bd3 Nc6 10. Nxc6 Bxc6 11. O-O e6 12. Bg5 Be7 13. Rad1 Qc7 14. Kh1 b5
15. a3 h6 16. Bc1 e5 17. f4 Nd7 18. Qg4 Bf6 19. Nd5 Bxd5 20. exd5 Nc5 21. fxe5
Bxe5 22. Bf4 Nxd3 23. cxd3 Bxf4 24. Qxf4 O-O 25. Rc1 Qe7 26. Rfe1 Qd7 27. Rc6
Rfe8 28. Re4 Rad8 29. h3 Re5 30. Rxe5 dxe5 31. Qxe5 Qxd5 32. Qxd5 Rxd5 33. Rxa6
Rxd3 34. b4 Rb3 35. Kg1 g6 36. Kf2 Kg7 37. h4 h5 38. Ra5 Kf6 39. Rxb5 Rxa3 40.
Rg5 Rb3 41. b5 Kg7 42. Ke2 f6 43. Rc5 Kf7 44. Kd2 Rg3 45. b6 Rb3 46. Rc6 g5 47.
hxg5 fxg5 48. Kc2 Rb5 49. Kc3 h4 50. Kc4 Rb2 51. Kc5 g4 52. Rh6 Rc2+ 53. Kd6
Rxg2 54. b7 Rb2 55. Rxh4 g3 56. Rf4+ Kg7 57. Rg4+ Kh6 58. Kc7 Rc2+ 59. Kb6 Rb2+
60. Kc6 Rc2+ 61. Kb5 g2 62. b8=Q Rb2+ 63. Rb4 Rxb4+ 64. Kxb4 g1=Q 65. Qh8+ 1-0

[Event "Jugend WM U20w"]
[Site "Istanbul"]
[Date "2005.11.18"]
[Round "9.24"]
[White "Bulmaga, Irina"]
[Black "Tilenbaeva, Janyl"]
[Result "0-1"]
[WhiteElo "2122"]
[BlackElo "2019"]
[PlyCount "80"]
[EventDate "2005.11.??"]
[EventType "swiss"]
[EventRounds "13"]
[EventCountry "TUR"]
[Source "Reinhold Goldau"]
[SourceDate "2000.03.01"]

1. e4 c6 2. c4 e5 3. Nc3 Nf6 4. Nf3 Qc7 5. g3 d6 6. Bg2 Be7 7. O-O Nbd7 8. Re1
O-O 9. d4 Nb6 10. b3 Bg4 11. Bb2 Rad8 12. Rc1 Nbd7 13. d5 Ne8 14. Qc2 f5 15. h3
fxe4 16. Nd2 Bf5 17. Ndxe4 Nc5 18. Qd2 Nxe4 19. Nxe4 h6 20. Bc3 Bxe4 21. Bxe4
Bg5 22. f4 exf4 23. dxc6 bxc6 24. Bc2 f3 25. Qd3 f2+ 26. Kg2 fxe1=N+ 27. Rxe1
Nf6 28. h4 Bxh4 29. gxh4 d5 30. Be5 Qd7 31. Kh1 Qg4 32. Re2 Qxh4+ 33. Kg1 Qg5+
34. Kh1 Ne4 35. Bxg7 Rf1+ 36. Kh2 Qf4+ 37. Kg2 Rf2+ 38. Rxf2 Qxf2+ 39. Kh3 Kxg7
40. cxd5 Rxd5 0-1

[Event "Jugend WM U20w"]
[Site "Istanbul"]
[Date "2005.11.18"]
[Round "9.27"]
[White "Mezioud, Amina"]
[Black "Gilbert, Jessie"]
[Result "1-0"]
[WhiteElo "1978"]
[BlackElo "2148"]
[PlyCount "97"]
[EventDate "2005.11.??"]
[EventType "swiss"]
[EventRounds "13"]
[EventCountry "TUR"]
[Source "Reinhold Goldau"]
[SourceDate "2000.03.01"]

1. e4 c6 2. d4 d5 3. Nc3 dxe4 4. Nxe4 Nf6 5. Ng3 Qc7 6. Nf3 Bg4 7. Be2 e6 8.
Ne5 Bxe2 9. Qxe2 Nbd7 10. O-O Bd6 11. f4 c5 12. c3 O-O 13. Bd2 Rac8 14. Rac1 b5
15. Kh1 Rfe8 16. Qf3 Nf8 17. Nh5 Nxh5 18. Qxh5 f6 19. Ng4 cxd4 20. cxd4 Qf7 21.
Qh3 Qg6 22. a3 Rc2 23. Rxc2 Qxc2 24. Bc3 Bxf4 25. Qf3 Bg5 26. d5 Qb3 27. d6 e5
28. Qc6 Qc4 29. Qxc4+ bxc4 30. g3 h5 31. Nf2 e4 32. Nh3 Be3 33. Bb4 Kf7 34. Re1
Bb6 35. Nf4 g6 36. Nd5 Nd7 37. Nc7 Bxc7 38. dxc7 f5 39. Rd1 Nb6 40. Rd8 e3 41.
Kg2 g5 42. Kf3 e2 43. Kf2 Nc8 44. Ke1 Nb6 45. Bc5 Nc8 46. a4 g4 47. a5 Re5 48.
Rxc8 Rxc5 49. Rh8 1-0

[Event "Jugend WM U20w"]
[Site "Istanbul"]
[Date "2005.11.18"]
[Round "9.28"]
[White "Levacic, Melissa"]
[Black "Umudova, Nargiz"]
[Result "0-1"]
[WhiteElo "1993"]
[BlackElo "2101"]
[PlyCount "84"]
[EventDate "2005.11.??"]
[EventType "swiss"]
[EventRounds "13"]
[EventCountry "TUR"]
[Source "Reinhold Goldau"]
[SourceDate "2000.03.01"]

1. e4 c6 2. d4 d5 3. e5 c5 4. c4 Nc6 5. Nf3 cxd4 6. Nxd4 Nxe5 7. cxd5 Nf6 8.
Bb5+ Ned7 9. Nc3 a6 10. Bf4 g6 11. O-O Bg7 12. Ba4 O-O 13. Nf3 b5 14. Bb3 Bb7
15. d6 e6 16. Qe2 Nb6 17. h4 Nfd5 18. Nxd5 Bxd5 19. h5 Bc4 20. Bxc4 Nxc4 21. b3
Bxa1 22. Rxa1 Qf6 23. Ne5 Qxf4 24. bxc4 bxc4 25. g3 Qg5 26. Kg2 Rfd8 27. Rd1
Rac8 28. d7 Rc7 29. f4 Qe7 30. Qf3 Qc5 31. Qg4 Qe7 32. Qf3 Qf6 33. g4 g5 34.
Rd2 c3 35. Rc2 Qxf4 36. Qxf4 gxf4 37. g5 Rc5 38. Nf3 Rxd7 39. h6 e5 40. Kf2 e4
41. Ne5 Rxe5 42. Rxc3 Rd8 0-1

[Event "Jugend WM U20w"]
[Site "Istanbul"]
[Date "2005.11.18"]
[Round "9.29"]
[White "Reppen, Ellisiv"]
[Black "Xu, Ruoyin"]
[Result "0-1"]
[WhiteElo "1850"]
[BlackElo "2079"]
[PlyCount "106"]
[EventDate "2005.11.??"]
[EventType "swiss"]
[EventRounds "13"]
[EventCountry "TUR"]
[Source "Reinhold Goldau"]
[SourceDate "2000.03.01"]

1. e4 e5 2. Nf3 Nc6 3. Bc4 Bc5 4. c3 Nf6 5. d3 O-O 6. O-O Be7 7. Re1 h6 8. d4
exd4 9. e5 Nh7 10. cxd4 d5 11. Be2 Ng5 12. Nxg5 Bxg5 13. Nc3 Be7 14. Bf3 Be6
15. Be3 Na5 16. b3 Bb4 17. Bd2 Nc6 18. Ne2 a5 19. Bxb4 axb4 20. Nf4 Ra5 21. Qd2
Qa8 22. Nxe6 fxe6 23. Bg4 Qe8 24. Red1 Qe7 25. Qe3 Rfa8 26. Rd2 Nd8 27. Rc2 Nc6
28. Rd2 Ra3 29. Qh3 Nd8 30. Rc2 b6 31. Qd3 c5 32. dxc5 bxc5 33. Qd1 Nc6 34. f4
Nd4 35. Rcc1 Nb5 36. f5 Nc3 37. Qd2 Rxa2 38. Rxa2 Rxa2 39. f6 Rxd2 40. fxe7 Kf7
41. Bxe6+ Kxe7 42. Bg4 Rb2 43. Ra1 Rb1+ 44. Rxb1 Nxb1 45. Kf2 Nd2 46. Bd1 Ke6
47. Ke3 Ne4 48. h4 Kxe5 49. g4 c4 50. bxc4 dxc4 51. Bf3 Nc5 52. Be2 c3 53. Bf3
b3 0-1

[Event "Jugend WM U20w"]
[Site "Istanbul"]
[Date "2005.11.18"]
[Round "9.32"]
[White "Brekke, Jorunn Marie"]
[Black "Almer, Julia"]
[Result "1/2-1/2"]
[WhiteElo "1972"]
[BlackElo "1943"]
[PlyCount "91"]
[EventDate "2005.11.??"]
[EventType "swiss"]
[EventRounds "13"]
[EventCountry "TUR"]
[Source "Reinhold Goldau"]
[SourceDate "2000.03.01"]

1. g3 Nf6 2. Bg2 e6 3. Nf3 Be7 4. O-O O-O 5. c4 d5 6. cxd5 exd5 7. d4 c6 8. Nc3
Bf5 9. Nh4 Be6 10. a3 Ne4 11. Nxe4 dxe4 12. Bxe4 Bxh4 13. gxh4 Qxh4 14. Qd3 Nd7
15. d5 cxd5 16. Bxd5 Nc5 17. Qf3 Bxd5 18. Qxd5 b6 19. Qg5 Qe4 20. Be3 Ne6 21.
Qg3 Qc2 22. b4 Qxe2 23. f4 f5 24. Bc1 Nd4 25. Rb1 Qe4 26. Qe3 Ne2+ 27. Kf2 Qxb1
28. Qxe2 Qe4 29. Qa2+ Kh8 30. Re1 Qd4+ 31. Be3 Qd3 32. Qb2 Rac8 33. Qa1 Rc2+
34. Kg1 Re2 35. Rxe2 Qxe2 36. Qe5 Qg4+ 37. Kf1 Qg6 38. Bd4 Re8 39. Qc7 Qh6 40.
Be5 Qh3+ 41. Kg1 Qg4+ 42. Kf1 h5 43. Qd7 Qg6 44. Bxg7+ Kg8 45. Be5 Qf7 46. Qd3
1/2-1/2